000 00536nam a2200181Ia 4500
003 GCL
005 20240530105220.0
008 140319s9999 xx 000 0 ara d
040 _aGCL /
_cGCL
082 0 4 _a811.054
_bع ع
100 1 _aعلى شلق
245 1 0 _aالعين فى الشعر العربى /
_cعلى شلق
260 _a[ بيروت ] :
_bدار الاندلس للاعلام ،
_c1984
300 _a328 ص؛
_b24 سم
650 0 4 _aالشعر العربى
650 0 4 _aالشعر الوصفى
942 _2ddc
_cBK
999 _c54027
_d54027